Most expensive football transfers - Born in 1990 - Statistics

General Stats
  • This quiz has been taken 26 times
  • The average score is 7 of 10
Answer Stats
Fee (M €) Season Nationality Left Joined Player % Correct
60,00 2020-2021 Bosnia and Herzegovina Juventus Barcelona Miralem Pjanic
96%
32,00 2016-2017 Bosnia and Herzegovina AS Roma Juventus Miralem Pjanic
96%
52,70 2017-2018 England Tottenham Manchester City Kyle Walker
92%
37,90 2017-2018 England Leicester Chelsea Danny Drinkwater
79%
32,00 2014-2015 Germany Chelsea VfL Wolfsburg André Schürrle
75%
46,50 2015-2016 Belgium Aston Villa Liverpool Christian Benteke
75%
40,00 2018-2019 Brazil Bayern Munich Juventus Douglas Costa
75%
40,00 2019-2020 France Sevilla FC Monaco Wissam Ben Yedder
46%
32,00 2013-2014 Spain Real Sociedad Real Madrid Asier Illarramendi
38%
50,00 2015-2016 Brazil Shakhtar D. JS Suning Alex Teixeira
21%
No matching quizzes found
Score Distribution
Percent of People with Each Score
Percentile by Number Answered
Your Score History
You have not taken this quiz